New handbook of the heavens, (Record no. 544029)
[ view plain ]
| 000 -LEADER | |
|---|---|
| fixed length control field | 00836cam a2200181 4500 |
| 082 ## - DEWEY DECIMAL CLASSIFICATION NUMBER | |
| Classification number | 523.1 |
| Author Mark | BER |
| -- | L-1 P-6 |
| 245 10 - TITLE STATEMENT | |
| Title | New handbook of the heavens, |
| Statement of responsibility, etc. | by Hubert J. Bernhard, Dorothy A. Bennett, A. B. [and] Huge S. Rice, A. M. ... |
| 260 ## - PUBLICATION, DISTRIBUTION, ETC. | |
| Place of publication, distribution, etc. | New York, |
| -- | London, |
| Name of publisher, distributor, etc. | Whittlesey house, |
| -- | McGraw-Hill book company, inc. |
| Date of publication, distribution, etc. | [c1941] |
| 300 ## - PHYSICAL DESCRIPTION | |
| Extent | xi, 299 p. |
| Other physical details | incl. front., illus., diagrs. |
| Dimensions | 24 cm. |
| 500 ## - GENERAL NOTE | |
| General note | "An entirely rewritten and greatly enlarged version of Handbook of the heavens... the various chapters [of which] were written by individual members of the Junior astronomy club."--Pref. |
| 526 ## - STUDY PROGRAM INFORMATION NOTE | |
| Program name | 0 |
| Interest level | 0 |
| Reading level | 0 |
| Title point value | 523_100000000000000_BER |
| 650 #0 - SUBJECT ADDED ENTRY--TOPICAL TERM | |
| Topical term or geographic name entry element | Astronomy |
| 650 #0 - SUBJECT ADDED ENTRY--TOPICAL TERM | |
| Topical term or geographic name entry element | MCE |
| 9 (RLIN) | 379 |
| 700 1# - ADDED ENTRY--PERSONAL NAME | |
| Personal name | Bennett, Dorothy A. |
| 9 (RLIN) | 39565 |
| 700 1# - ADDED ENTRY--PERSONAL NAME | |
| Personal name | Bernhard, Hubert J. |
| 9 (RLIN) | 39566 |
| 710 2# - ADDED ENTRY--CORPORATE NAME | |
| Corporate name or jurisdiction name as entry element | Hayden Planetarium. |
| 9 (RLIN) | 39567 |
| 942 ## - ADDED ENTRY ELEMENTS (KOHA) | |
| Source of classification or shelving scheme | |
| Koha item type | Book |
| Withdrawn status | Lost status | Source of classification or shelving scheme | Damaged status | Not for loan | Permanent Location | Current Location | Date acquired | Total Checkouts | Full call number | Barcode | Date last seen | Price effective from | Koha item type |
|---|---|---|---|---|---|---|---|---|---|---|---|---|---|
| Military College of Engineering (MCE) | Military College of Engineering (MCE) | 04/09/2014 | 523.1 BER | MCE-29053 | 04/09/2014 | 04/09/2014 | Book |
